00364nam a22001097a 4500082003100000100002200031245008300053260005600136300001700192526003700209650000800246 a624.1762bSEIcL-39, P-189 aAjaya Kumar Gupta aSeismic performance of low rise buildingsbState of the art and research needs aNew YorkbAmerican society of civil engineersc1980 a209 p.bill. a0b0c0d624_176200000000000_SEI aMCE